Kaikki Suomen kunnat pinta-alan mukaan - Statistics

Yleistilastot
  • Tätä visaa on pelattu 150 kertaa
  • Keskiarvotulos 78 / 308
Vastaustilastot
Pinta-ala(km²) Kunta Maakunta % Oikein
17 333,67 Inari Lappi
98%
12 415,36 Sodankylä Lappi
85%
8 263,05 Kittilä Lappi
81%
8 391,33 Enontekiö Lappi
79%
8 016,62 Rovaniemi Lappi
77%
5 872,39 Salla Lappi
73%
6 496,57 Savukoski Lappi
71%
5 857,59 Suomussalmi Kainuu
69%
3 931,17 Kemijärvi Lappi
65%
5 867,35 Pudasjärvi Pohjois-Pohjanmaa
65%
3 694,81 Ranua Lappi
65%
5 808,97 Kuusamo Pohjois-Pohjanmaa
63%
5 372,00 Utsjoki Lappi
63%
4 326,35 Kuopio Pohjois-Savo
62%
3 052,92 Oulu Pohjois-Pohjanmaa
62%
3 544,63 Posio Lappi
62%
5 456,88 Kuhmo Kainuu
60%
4 067,70 Lieksa Pohjois-Karjala
60%
2 883,29 Kouvola Kymenlaakso
58%
3 229,58 Mikkeli Etelä-Savo
58%
3 597,69 Savonlinna Etelä-Savo
58%
3 172,67 Ilomantsi Pohjois-Karjala
56%
2 617,74 Kolari Lappi
56%
2 951,84 Sotkamo Kainuu
56%
2 692,84 Nurmes Pohjois-Karjala
54%
2 031,58 Hämeenlinna Kanta-Häme
52%
2 037,78 Muonio Lappi
52%
2 598,71 Puolanka Kainuu
52%
2 650,61 Taivalkoski Pohjois-Pohjanmaa
52%
2 212,77 Ylitornio Lappi
52%
2 263,82 Kajaani Kainuu
50%
1 881,82 Pelkosenniemi Lappi
48%
1 863,71 Pello Lappi
48%
2 063,19 Salo Varsinais-Suomi
48%
1 521,37 Hyrynsalmi Kainuu
46%
1 743,91 Kurikka Etelä-Pohjanmaa
46%
1 592,03 Tervola Lappi
46%
1 823,90 Jämsä Keski-Suomi
44%
2 750,97 Joensuu Pohjois-Karjala
44%
1 846,58 Juuka Pohjois-Karjala
44%
1 723,57 Lappeenranta Etelä-Karjala
44%
1 531,74 Sastamala Pirkanmaa
44%
2 229,88 Siikalatva Pohjois-Pohjanmaa
44%
1 724,38 Kitee Pohjois-Karjala
42%
1 836,23 Pieksämäki Etelä-Savo
42%
1 466,49 Simo Lappi
42%
1 763,57 Vaala Pohjois-Pohjanmaa
42%
1 469,11 Seinäjoki Etelä-Pohjanmaa
40%
1 668,07 Ii Pohjois-Pohjanmaa
38%
1 466,35 Jyväskylä Keski-Suomi
38%
1 492,78 Kokkola Keski-Pohjanmaa
38%
1 665,16 Mäntyharju Etelä-Savo
38%
1 576,79 Sonkajärvi Pohjois-Savo
38%
1 734,90 Utajärvi Pohjois-Pohjanmaa
38%
1 323,96 Ylöjärvi Pirkanmaa
38%
1 139,74 Paltamo Kainuu
37%
1 589,18 Viitasaari Keski-Suomi
37%
1 328,39 Kauhava Etelä-Pohjanmaa
35%
1 519,64 Leppävirta Pohjois-Savo
35%
897,94 Ristijärvi Kainuu
35%
1 227,87 Tornio Lappi
35%
1 056,83 Alajärvi Etelä-Pohjanmaa
33%
1 319,58 Heinävesi Pohjois-Karjala
33%
1 315,53 Kauhajoki Etelä-Pohjanmaa
33%
1 430,56 Keuruu Keski-Suomi
33%
1 109,75 Lohja Uusimaa
33%
1 218,18 Pori Satakunta
33%
1 458,97 Pyhäjärvi Pohjois-Pohjanmaa
33%
1 218,61 Raasepori Uusimaa
33%
1 299,06 Virrat Pirkanmaa
33%
1 151,51 Alavus Etelä-Pohjanmaa
31%
1 345,69 Juva Etelä-Savo
31%
960,08 Orivesi Pirkanmaa
31%
1 237,75 Puumala Etelä-Savo
31%
1 219,85 Ruokolahti Etelä-Karjala
31%
950,17 Ruovesi Pirkanmaa
31%
936,07 Sysmä Päijät-Häme
31%
1 138,31 Äänekoski Keski-Suomi
29%
910,86 Ähtäri Etelä-Pohjanmaa
29%
1 086,53 Haapavesi Pohjois-Pohjanmaa
29%
839,28 Heinola Päijät-Häme
29%
1 066,42 Joutsa Keski-Suomi
29%
930,98 Kalajoki Pohjois-Pohjanmaa
29%
1 326,75 Kangasniemi Etelä-Savo
29%
1 037,87 Kankaanpää Satakunta
29%
963,19 Karstula Keski-Suomi
29%
1 422,90 Kiuruvesi Pohjois-Savo
29%
1 029,82 Kontiolahti Pohjois-Karjala
29%
936,69 Kuhmoinen Pirkanmaa
29%
1 245,16 Lapinlahti Pohjois-Savo
29%
1 161,23 Liperi Pohjois-Karjala
29%
987,77 Närpiö Pohjanmaa
29%
814,01 Orimattila Päijät-Häme
29%
909,57 Parkano Pirkanmaa
29%
1 406,51 Pielavesi Pohjois-Savo
29%
1 247,52 Pihtipudas Keski-Suomi
29%
958,33 Polvijärvi Pohjois-Karjala
29%
1 026,60 Raahe Pohjois-Pohjanmaa
29%
925,17 Rantasalmi Etelä-Savo
29%
1 235,25 Rautavaara Pohjois-Savo
29%
1 422,73 Saarijärvi Keski-Suomi
29%
1 064,26 Siikajoki Pohjois-Pohjanmaa
29%
973,38 Vieremä Pohjois-Savo
29%
872,17 Iisalmi Pohjois-Savo
27%
843,40 Ikaalinen Pirkanmaa
27%
870,88 Kangasala Pirkanmaa
27%
648,24 Keminmaa Lappi
27%
825,60 Laukaa Keski-Suomi
27%
851,86 Loimaa Varsinais-Suomi
27%
845,76 Loviisa Uusimaa
27%
859,83 Luumäki Etelä-Karjala
27%
866,66 Mustasaari Pohjanmaa
27%
894,38 Parainen Varsinais-Suomi
27%
826,01 Pedersören kunta Pohjanmaa
27%
799,89 Sievi Pohjois-Pohjanmaa
27%
862,34 Suonenjoki Pohjois-Savo
27%
895,36 Tohmajärvi Pohjois-Karjala
27%
789,59 Kaavi Pohjois-Savo
25%
798,15 Muhos Pohjois-Pohjanmaa
25%
729,81 Padasjoki Päijät-Häme
25%
775,18 Perho Keski-Pohjanmaa
25%
846,75 Pyhäntä Pohjois-Pohjanmaa
25%
791,36 Vöyri Pohjanmaa
25%
755,55 Asikkala Päijät-Häme
23%
789,95 Haapajärvi Pohjois-Pohjanmaa
23%
633,71 Hamina Kymenlaakso
23%
675,49 Hartola Päijät-Häme
23%
727,46 Hollola Päijät-Häme
23%
687,09 Iitti Päijät-Häme
23%
647,43 Isojoki Etelä-Pohjanmaa
23%
665,04 Porvoo Uusimaa
23%
773,55 Pöytyä Varsinais-Suomi
23%
769,20 Sulkava Etelä-Savo
23%
690,71 Tampere Pirkanmaa
23%
687,75 Hankasalmi Keski-Suomi
21%
746,59 Hirvensalmi Etelä-Savo
21%
356,91 Isokyrö Etelä-Pohjanmaa
21%
711,77 Joroinen Pohjois-Savo
21%
701,42 Kärsämäki Pohjois-Pohjanmaa
21%
6,00 Kauniainen Uusimaa
21%
697,99 Kemiönsaari Varsinais-Suomi
21%
680,85 Konnevesi Keski-Suomi
21%
697,74 Kristiinankaupunki Pohjanmaa
21%
752,68 Kruunupyy Pohjanmaa
21%
517,63 Lahti Päijät-Häme
21%
750,89 Lapua Etelä-Pohjanmaa
21%
642,67 Liminka Pohjois-Pohjanmaa
21%
655,97 Loppi Kanta-Häme
21%
657,08 Mänttä-Vilppula Pirkanmaa
21%
440,37 Miehikkälä Kymenlaakso
21%
765,65 Multia Keski-Suomi
21%
738,12 Pälkäne Pirkanmaa
21%
760,71 Parikkala Etelä-Karjala
21%
699,68 Rääkkylä Pohjois-Karjala
21%
510,19 Rauma Satakunta
21%
690,55 Savitaipale Etelä-Karjala
21%
697,68 Somero Varsinais-Suomi
21%
761,95 Taipalsaari Etelä-Karjala
21%
15,15 Tammela Kanta-Häme
21%
556,10 Teuva Etelä-Pohjanmaa
21%
699,42 Tuusniemi Pohjois-Savo
21%
737,35 Uusikaarlepyy Pohjanmaa
21%
630,20 Eura Satakunta
19%
428,33 Halsua Keski-Pohjanmaa
19%
505,11 Hämeenkyrö Pirkanmaa
19%
586,07 Janakkala Kanta-Häme
19%
470,34 Kannus Keski-Pohjanmaa
19%
519,90 Karvia Satakunta
19%
578,28 Keitele Pohjois-Savo
19%
390,50 Kihniö Pirkanmaa
19%
599,87 Kivijärvi Keski-Suomi
19%
484,85 Kuortane Etelä-Pohjanmaa
19%
508,44 Laihia Pohjanmaa
19%
584,06 Outokumpu Pohjois-Karjala
19%
761,98 Rautalampi Pohjois-Savo
19%
574,23 Soini Etelä-Pohjanmaa
19%
617,22 Toholampi Keski-Pohjanmaa
19%
413,94 Toivakka Keski-Suomi
19%
505,40 Urjala Pirkanmaa
19%
372,25 Uurainen Keski-Suomi
19%
376,77 Virolahti Kymenlaakso
19%
419,21 Enonkoski Etelä-Savo
17%
520,90 Eurajoki Satakunta
17%
390,71 Evijärvi Etelä-Pohjanmaa
17%
427,40 Hattula Kanta-Häme
17%
398,77 Hausjärvi Kanta-Häme
17%
539,55 Huittinen Satakunta
17%
336,77 Hyvinkää Uusimaa
17%
579,63 Ilmajoki Etelä-Pohjanmaa
17%
358,91 Inkoo Uusimaa
17%
549,88 Kannonkoski Keski-Suomi
17%
255,32 Karkkila Uusimaa
17%
259,30 Kärkölä Päijät-Häme
17%
361,09 Kaustinen Keski-Pohjanmaa
17%
102,36 Kemi Lappi
17%
495,73 Kinnula Keski-Suomi
17%
394,34 Kirkkonummi Uusimaa
17%
531,26 Kokemäki Satakunta
17%
277,95 Kotka Kymenlaakso
17%
469,62 Kyyjärvi Keski-Suomi
17%
558,90 Lestijärvi Keski-Pohjanmaa
17%
525,90 Maalahti Pohjanmaa
17%
596,12 Mäntsälä Uusimaa
17%
450,88 Merikarvia Satakunta
17%
536,40 Nivala Pohjois-Pohjanmaa
17%
597,20 Oulainen Pohjois-Pohjanmaa
17%
495,41 Petäjävesi Keski-Suomi
17%
549,55 Pyhäjoki Pohjois-Pohjanmaa
17%
336,40 Pyhtää Kymenlaakso
17%
401,90 Rautjärvi Etelä-Karjala
17%
502,46 Reisjärvi Pohjois-Pohjanmaa
17%
527,81 Säkylä Satakunta
17%
491,31 Siikainen Satakunta
17%
507,81 Siilinjärvi Pohjois-Savo
17%
342,67 Sipoo Uusimaa
17%
494,30 Tervo Pohjois-Savo
17%
494,86 Tyrnävä Pohjois-Pohjanmaa
17%
422,51 Ulvila Satakunta
17%
552,29 Uusikaupunki Varsinais-Suomi
17%
524,48 Varkaus Pohjois-Savo
17%
569,81 Vesanto Pohjois-Savo
17%
520,91 Veteli Keski-Pohjanmaa
17%
567,06 Vihti Uusimaa
17%
328,70 Vimpeli Etelä-Pohjanmaa
17%
314,38 Akaa Pirkanmaa
15%
330,87 Espoo Uusimaa
15%
545,33 Laitila Varsinais-Suomi
15%
523,72 Lappajärvi Etelä-Pohjanmaa
15%
262,48 Lemi Etelä-Karjala
15%
305,94 Lempäälä Pirkanmaa
15%
313,28 Luhanka Keski-Suomi
15%
522,57 Mynämäki Varsinais-Suomi
15%
316,75 Naantali Varsinais-Suomi
15%
347,84 Nokia Pirkanmaa
15%
367,26 Nurmijärvi Uusimaa
15%
332,05 Pomarkku Satakunta
15%
364,05 Punkalaidun Pirkanmaa
15%
249,96 Siuntio Uusimaa
15%
249,31 Turku Varsinais-Suomi
15%
369,59 Vaasa Pohjanmaa
15%
372,03 Valkeakoski Pirkanmaa
15%
574,20 Ylivieska Pohjois-Pohjanmaa
15%
10,79 Kaskinen Pohjanmaa
13%
339,31 Lapinjärvi Uusimaa
13%
302,55 Lieto Varsinais-Suomi
13%
353,93 Vesilahti Pirkanmaa
13%
253,36 Forssa Kanta-Häme
12%
39,93 Järvenpää Uusimaa
12%
274,94 Juupajoki Pirkanmaa
12%
30,79 Kerava Uusimaa
12%
99,55 Kumlinge Ahvenanmaa
12%
36,45 Lumparland Ahvenanmaa
12%
11,83 Maarianhamina Ahvenanmaa
12%
103,97 Pirkkala Pirkanmaa
12%
159,62 Saltvik Ahvenanmaa
12%
28,06 Sottunga Ahvenanmaa
12%
240,34 Vantaa Uusimaa
12%
102,17 Vårdö Ahvenanmaa
12%
253,08 Alavieska Pohjois-Pohjanmaa
10%
218,04 Askola Uusimaa
10%
215,42 Helsinki Uusimaa
10%
181,94 Jokioinen Kanta-Häme
10%
186,35 Karijoki Etelä-Pohjanmaa
10%
63,95 Kökar Ahvenanmaa
10%
240,03 Korsnäs Pohjanmaa
10%
176,93 Luoto Pohjanmaa
10%
240,04 Paimio Varsinais-Suomi
10%
91,81 Pietarsaari Pohjanmaa
10%
254,00 Sauvo Varsinais-Suomi
10%
225,45 Tuusula Uusimaa
10%
183,25 Ypäjä Kanta-Häme
10%
108,52 Brändö Ahvenanmaa
8%
109,20 Eckerö Ahvenanmaa
8%
132,97 Finström Ahvenanmaa
8%
135,57 Föglö Ahvenanmaa
8%
87,47 Geta Ahvenanmaa
8%
207,30 Hailuoto Pohjois-Pohjanmaa
8%
140,32 Hammarland Ahvenanmaa
8%
191,28 Imatra Etelä-Karjala
8%
224,61 Jämijärvi Satakunta
8%
143,92 Jomala Ahvenanmaa
8%
151,69 Kaarina Varsinais-Suomi
8%
110,31 Kempele Pohjois-Pohjanmaa
8%
114,10 Lemland Ahvenanmaa
8%
214,38 Lumijoki Pohjois-Pohjanmaa
8%
231,46 Merijärvi Pohjois-Pohjanmaa
8%
184,88 Nakkila Satakunta
8%
150,09 Pornainen Uusimaa
8%
49,37 Raisio Varsinais-Suomi
8%
112,51 Sund Ahvenanmaa
8%
95,58 Aura Varsinais-Suomi
6%
192,42 Koski Tl Varsinais-Suomi
6%
168,43 Kustavi Varsinais-Suomi
6%
195,99 Marttila Varsinais-Suomi
6%
176,37 Masku Varsinais-Suomi
6%
194,06 Muurame Keski-Suomi
6%
206,35 Myrskylä Uusimaa
6%
125,55 Riihimäki Kanta-Häme
6%
192,29 Vehmaa Varsinais-Suomi
6%
119,12 Hanko Uusimaa
4%
127,74 Harjavalta Satakunta
4%
148,61 Humppila Kanta-Häme
4%
199,49 Nousiainen Varsinais-Suomi
4%
145,94 Pukkila Uusimaa
4%
143,09 Taivassalo Varsinais-Suomi
4%
117,83 Oripää Varsinais-Suomi
2%
148,43 Pyhäranta Varsinais-Suomi
2%
127,90 Rusko Varsinais-Suomi
2%
Ehtoja vastaavia visoja ei löytynyt
Tulosjakauma
Jokaisen tuloksen saaneiden osuus
Persentiili vastausten määrän mukaan
Tuloshistoriasi
Et ole pelannut tätä visaa